00474nam a2200169Ia 4500020001800000082001500018245006600033260002800099300001600127504003600143650000800179650003200187650002500219700002100244700001600265700002300281 a1-84277-029-2 a305.4 FEM- 0aFeminist futures: re-imagining women, culture and development aLondonbZed Booksc2003 axvii, 309p. aIncludes bibliography and index aSex aWAD (Women and development) aWomen in development aKurian, Priya A. aForan, John aBhavanani, Kum-Kum